Test Code for Combine Harvester-Thresher, IS 8211(Part II)-1981 / (Record no. 7741)
[ view plain ]
| 000 -LEADER | |
|---|---|
| fixed length control field | 00300cam a2200109ua 4500 |
| 082 ## - DEWEY DECIMAL CLASSIFICATION NUMBER | |
| Classification number | 631.354 |
| Item number | IND/TE |
| 245 00 - TITLE STATEMENT | |
| Title | Test Code for Combine Harvester-Thresher, IS 8211(Part II)-1981 / |
| 250 ## - EDITION STATEMENT | |
| Edition statement | 1 / |
| 260 ## - PUBLICATION, DISTRIBUTION, ETC. (IMPRINT) | |
| Place of publication | New Delhi : |
| Name of publisher | Indian Standards Institution , |
| Year of publication | 1982. |
| 300 ## - PHYSICAL DESCRIPTION | |
| Number of Pages | 50 ; . |
| 942 ## - ADDED ENTRY ELEMENTS (KOHA) | |
| Koha item type | Books |
| Withdrawn status | Lost status | Damaged status | Home library | Current library | Date acquired | Full call number | Accession Number | Koha item type |
|---|---|---|---|---|---|---|---|---|
| KAUAET | KAUAET | 08/03/1990 | 631.354 | 16687 | Standards |
